Policy influences on economic growth in OECD countries <an> evaluation of the evidence

Uložené v:
Podrobná bibliografia
Hlavný autor: Ahn, Sanghoon
Ďalší autori: Hemmings, Philip
Médium: Kniha
Jazyk:English
Vydavateľské údaje: Paris OECD 2000
Edícia:Economics department working papers No. 246
Predmet:
Tagy: Pridať tag
Žiadne tagy, Buďte prvý, kto otaguje tento záznam!

MARC

LEADER 00000nam a2200000 4500
001 c122532
005 20221221084549.7
041 0 |a eng 
044 |a FR 
245 1 0 |a Policy influences on economic growth in OECD countries  |b <an> evaluation of the evidence  |c by Sanghoon Ahn and Philip Hemmings 
264 1 |a Paris  |b OECD  |c 2000 
300 |a 104 s. 
490 1 |a Economics department working papers  |v No. 246 
830 0 |a Economics department working papers  |v No. 246 
610 2 0 |a rast hospodársky 
610 2 0 |a politika 
610 2 0 |a kapitál 
610 2 0 |a kapitál ľudský 
610 2 0 |a produktivita 
610 2 0 |a makroekonomika 
610 2 0 |a populácia 
610 2 0 |a zdravie 
100 1 |a Ahn, Sanghoon 
700 1 |a Hemmings, Philip